=LDR 00000nam 2200000 4500 =001 INLIS000000000015501 =005 20130612110800 =008 ***********************************Indo, Latin** =035 ##$$0010-061300000015501 =041 ##$$a Indo, Latin =082 ##$$a R.470.3 =090 ##$$a R.470.3, Pre,k =100 ##$$a Prent C.M,K =245 ##$$a Kamus Latin-Indonesia, Drs.K.Prent C.M,J.Adisubroto,W.J.S.Purwadorminta =260 ##$$a 1969 $b Semarang =300 ##$$a xi 943 hlm, 21 cm =650 ##$$a Bhs =650 ##$$a Latin-Kamus Indonesia =850 ##$$a NBPNMAT